00758 2200241 4500001002100000005001500021035002000036007000300056008004100059020002200100082001000122084001600132100001800148245016400166250001000330260005100340300003300391650002500424700001500449520003000464990001100494990001100505INLIS00000000000319020190220104139 a0010-0219000132ta190220 g 0 ind  a978-602-19081-9-8 a641.2 a641.2 YUS k0 aYUSUF, Sina M1 aKhasiat Super Minuman Alami Tradisional Beras Kencur & Kunyit Asem :bMenyehatkan dan Menyegarkan Tubuh Tanpa Efek Samping /cM. Yusuf Sina; editor, M. Solikin acet.1 aYogyakarta :bDiandra Pustaka Indonesia,c2016 axi, 132 hlm :bilus ;c15 cm aMINUMAN.BERAS KENCUR0 aSOLIKIN, M aBibliografi: hlm. 131-132 a6516 a a6516 b